| 000 | 00388 a2200133 4500 | ||
|---|---|---|---|
| 001 | 91702 | ||
| 082 | _aPR 1711 | ||
| 090 |
_c43864 _d43863 |
||
| 100 | _aMuhammad Imran; Prof Atif Bin Mansoor, Advisor | ||
| 245 |
_aDevelopment of a Real Time Eyes Tracking and Fatigue to Detection System _n63 "B" EC |
||
| 260 |
_aRawalpindi _bNUST _c2007 |
||
| 300 | _a56p | ||
| 500 | _aBE Project Reports | ||
| 942 |
_aCAE NUST _kPR 1711 |
||
| 999 |
_c326775 _d326775 |
||